Introduction to microwave remote sensing

Αποθηκεύτηκε σε:
Λεπτομέρειες βιβλιογραφικής εγγραφής
Κύριος συγγραφέας: Pillay, T. V. R.
Άλλοι συγγραφείς: Kutty, M. N.
Μορφή: Βιβλίο
Γλώσσα:English
Δημοσίευση: Oxford, UK ; Ames, IA : Blackwell Pub., 2005
Έκδοση:2η έκδ.
Θέματα:
Ετικέτες: Προσθήκη ετικέτας
Δεν υπάρχουν, Καταχωρήστε ετικέτα πρώτοι!

MARC

LEADER 00000nam a2200000 i 4500
001 1/52780
008 140806r19902005 eng d
020 |a 978-1-4051-0532-3 
035 |l 10118563 
040 |a GR-MY-UA  |b gre  |e aacr 
041 0 |a eng 
082 0 |a 639.8  |2 (23) 
100 1 |a Pillay, T. V. R. 
245 1 0 |a Introduction to microwave remote sensing /  |c Iain H. Woodhouse 
250 |a 2η έκδ. 
260 |a Oxford, UK ; Ames, IA :   |b Blackwell Pub.,   |c 2005 
300 |a xvi, 624 σ.;  |c 26 εκ. 
504 |a Περιλαμβάνει βιβλιογραφικές αναφορές και ευρετήριο 
650 0 0 |a Aquaculture. 
700 1 |a Kutty, M. N. 
852 |a INST  |b LESVOS  |e 20140806  |h 639.8 PIL  |p 005100054410  |q 005100054410  |t BK  |y 0 
901 |a BIBL1-2014-2 
909 |a Λ  |b 189419 
922 |a 1ΕΛΗ  |b 201406  |c ΤΕΘ  |d ΔΙΑΔΡΟΜΕΣ 
970 |a ΤΖΑΦΕΡΗ  |b ΕΥΑΓΓΕΛΙΑ  |z 2014/08/05